World conference on education for all (Record no. 5920)

MARC details
000 -LEADER
campo de control de longitud fija 01516nmm a2200421 a 4500
003 - IDENTIFICADOR DE NÚMERO DE CONTROL
campo de control AR-BaBNM
005 - FECHA Y HORA DE LA ÚLTIMA TRANSACCIÓN
campo de control 20251128204035.0
008 - DATOS DE LONGITUD FIJA--INFORMACIÓN GENERAL
campo de control de longitud fija 046019s1991 ||||||||||||||000 | spa||
040 ## - FUENTE DE CATALOGACIÓN
Centro/agencia transcriptor AR-BaBNM
110 2# - ENTRADA PRINCIPAL--NOMBRE DE ENTIDAD CORPORATIVA
Nombre de entidad corporativa o nombre de jurisdicción como elemento de entrada UNESCO
245 10 - MENCIÓN DEL TÍTULO
Título World conference on education for all
Resto del título meeting basic learning needs : final report
250 ## - MENCION DE EDICION
Mención de edición 2ª ed.
260 ## - PUBLICACIÓN, DISTRIBUCIÓN, ETC.
Lugar de publicación, distribución, etc. New York
Nombre del editor, distribuidor, etc. UNICEF
-- Unesco
-- WORLD BANK
-- UNDP
Fecha de publicación, distribución, etc. 1991
300 0# - DESCRIPCIÓN FÍSICA
Extensión 119 p.
500 0# - NOTA GENERAL
Nota general El libro contiene un reporte de las cuestiones principales discutidas en el Congreso Internacional de Educación realizado en Tailandia en marzo de 1990 conocido como Educación para Todos
500 1# - NOTA GENERAL
Nota general UNESCO: ORAGNIZACION DE LAS NACIONES UNIDAS PARA LA EDUCACION, LA CIENCIA Y LA CULTURA
500 0# - NOTA GENERAL
Nota general UNICEF: FONDO DE LAS NACIOENS UNIDAS PARA LA INFANCIA
500 0# - NOTA GENERAL
Nota general UNDP: PROGRAMA DE DESARROLLO DE NACIONES UNIDAS
500 0# - NOTA GENERAL
Nota general WORLD BANK: BANCO MUNDIAL
650 #4 - PUNTO DE ACCESO ADICIONAL DE MATERIA--TÉRMINO DE MATERIA
Término de materia o nombre geográfico como elemento de entrada DOCUMENTOS DE EDUCACION
650 #4 - PUNTO DE ACCESO ADICIONAL DE MATERIA--TÉRMINO DE MATERIA
Término de materia o nombre geográfico como elemento de entrada FINALIDADES DE LA EDUCACION
650 #4 - PUNTO DE ACCESO ADICIONAL DE MATERIA--TÉRMINO DE MATERIA
Término de materia o nombre geográfico como elemento de entrada METAS EDUCACIONALES
650 #4 - PUNTO DE ACCESO ADICIONAL DE MATERIA--TÉRMINO DE MATERIA
Término de materia o nombre geográfico como elemento de entrada POLITICA EDUCATIVA
651 #4 - PUNTO DE ACCESO ADICIONAL DE MATERIA--NOMBRE GEOGRÁFICO
Nombre geográfico Tailandia
651 #4 - PUNTO DE ACCESO ADICIONAL DE MATERIA--NOMBRE GEOGRÁFICO
Nombre geográfico Europa
651 #4 - PUNTO DE ACCESO ADICIONAL DE MATERIA--NOMBRE GEOGRÁFICO
Nombre geográfico Asia
651 #4 - PUNTO DE ACCESO ADICIONAL DE MATERIA--NOMBRE GEOGRÁFICO
Nombre geográfico América Latina
651 #4 - PUNTO DE ACCESO ADICIONAL DE MATERIA--NOMBRE GEOGRÁFICO
Nombre geográfico Africa
700 1# - ENTRADA AGREGADA--NOMBRE PERSONAL
Nombre de persona Haddad, Wadi D.
700 1# - ENTRADA AGREGADA--NOMBRE PERSONAL
Nombre de persona Colletta, Nat J.
700 1# - ENTRADA AGREGADA--NOMBRE PERSONAL
Nombre de persona Fisher, Nigel
700 1# - ENTRADA AGREGADA--NOMBRE PERSONAL
Nombre de persona Lakin, Michael
700 0# - ENTRADA AGREGADA--NOMBRE PERSONAL
Nombre de persona Rinaldi R.
710 2# - ENTRADA AGREGADA--NOMBRE DE ENTIDAD CORPORATIVA
Nombre de entidad corporativa o nombre de jurisdicción como elemento de entrada UNICEF
711 2# - ENTRADA AGREGADA--NOMBRE DE REUNIÓN
Nombre de congreso/reunión o jurisdicción como elemento de entrada World Conference on Education for All: meeting basic learning needs
Sede del congreso/Lugar de la reunión Jomtien, Tailandia
9 (RLIN) mar. 5-9
Fecha del congreso o de la firma del tratado 1990
942 ## - ELEMENTOS DE ENTRADA SECUNDARIOS (KOHA)
Tipo de ítem Koha Libros
998 ## - INFORMACIÓN DE CONTROL LOCAL (RLIN)
Iniciales del catalogador, CIN (RLIN) SILVI
Holdings
Estatus retirado Estado de pérdida Fuente de la clasificación o esquema de estantería Estado de daño Restricciones de uso No para préstamo Biblioteca de origen Biblioteca actual Fecha de adquisición Total de préstamos Signatura topográfica completa Código de barras Visto por última vez Precio de reemplazo Tipo de ítem Koha
    Clasificación Decimal Dewey   Acceso restringido No para préstamo Liberty Liberty 28/11/2025   37.014 FIN 064036 28/11/2025 28/11/2025 Libros